Chaos and socio-spatial dynamics /

Guardado en:
Autor Principal: Dendrinos, Dimitrios S.
Otros Autores: Sonis, Michael.
Formato: Libro
Idioma:English
Publicado: New York : Springer-Verlag, c1990.
Series:Applied mathematical sciences (Springer-Verlag New York Inc.) ; v. 86.
Materias:
Etiquetas: Agregar Etiqueta
Sin Etiquetas, Sea el primero en etiquetar este registro!
LEADER 00916cam a2200253 a 4500
001 MAT.inmabb003727
008 900313s1990####nyua#####b####001#0#eng##
005 20130225121443.0
245 1 0 |a Chaos and socio-spatial dynamics /  |c Dimitrios S. Dendrinos, Michael Sonis. 
260 |a New York :  |b Springer-Verlag,  |c c1990. 
300 |a xvii, 184 p. :  |b il. ;  |c 25 cm. 
490 1 |a Applied mathematical sciences ;  |v v. 86 
504 |a Incluye referencias bibliográficas (p. 175-178) e índices. 
510 4 |a MR,  |c 91m:92024 
020 |a 0387972838 
100 1 |a Dendrinos, Dimitrios S. 
700 1 |a Sonis, Michael. 
830 0 |a Applied mathematical sciences (Springer-Verlag New York Inc.) ;  |v v. 86. 
650 0 |a Population geography  |x Mathematical models. 
084 |a 92D25 (91D20 91D25)  |2 MR 
084 |a 37D45  |2 msc2000 
010 |a  90009672  
040 |a DLC  |c DLC  |d DLC 
859 |h 92  |i D391  |p A-6524  |b BIB. MATEMATICA